[Event "Challenge"]
[Site "http://www.queenalice.com/game.php?id=1141384"]
[Date "2013.1.16"]
[Round "-"]
[White "SFA1979"]
[Black "Dunsty"]
[Result "1-0"]
[WhiteElo "1477"]
[BlackElo "1092"]

1. e4 d5 2. Nc3 g6 3. Nxd5 c6 4. Nc3 h5 5. h3 Bg7 6. Nce2 Nf6 7. d3 Be6 8. Bg5
Na6 9. c3 Bh6 10. Bxf6 exf6 11. Nf3 g5 12. d4 g4 13. hxg4 hxg4 14. Nd2 f5 15. e5
c5 16. a3 Bg5 17. Rxh8+ 1-0

[Event "Challenge"]
[Site "http://www.queenalice.com/game.php?id=1141385"]
[Date "2013.1.16"]
[Round "-"]
[White "Dunsty"]
[Black "SFA1979"]
[Result "0-1"]
[WhiteElo "1100"]
[BlackElo "1475"]

1. Nf3 h6 2. d3 e6 3. g4 Nf6 4. g5 Nd5 5. e3 Be7 6. h4 hxg5 7. hxg5 Rxh1 8. e4
Nb4 9. Bd2 N4c6 10. Bf4 d6 11. Kd2 e5 12. Bh2 Bxg5+ 13. Nxg5 Qxg5+ 14. Ke1 Rxh2
15. Be2 Qg1+ 16. Bf1 Qxf2# 0-1

[Event "Let's Play Chess!"]
[Site "http://www.queenalice.com/game.php?id=1142030"]
[Date "2013.1.18"]
[Round "-"]
[White "Aldino"]
[Black "Dunsty"]
[Result "1-0"]
[WhiteElo "2144"]
[BlackElo "1088"]

1. e4 d5 2. exd5 Qxd5 3. Nc3 Qe5+ 4. Be2 g6 5. Nf3 Qf4 6. d3 Qf6 7. Ne4 Qg7 8.
c3 Be6 9. Nc5 Na6 10. Nxb7 Qf6 11. Qa4+ Bd7 12. Qd4 Bg7 13. Nc5 Bf8 14. Qxd7#
1-0

[Event "Let's Play Chess!"]
[Site "http://www.queenalice.com/game.php?id=1142177"]
[Date "2013.1.19"]
[Round "-"]
[White "Rider"]
[Black "Dunsty"]
[Result "1-0"]
[WhiteElo "1585"]
[BlackElo "1133"]

1. e4 d5 2. e5 Nc6 3. d4 e6 4. Bb5 Bd7 5. c3 Na5 6. Bxd7+ Kxd7 7. Qa4+ b5 8.
Qxa5 c6 9. Qxd8+ Rxd8 10. Nf3 h5 11. Nbd2 Be7 12. O-O h4 13. h3 Rh5 14. Nb3 Rf5
15. Na5 b4 16. Nb7 Rb8 17. Nc5+ Kc7 18. Na6+ Kb7 19. Nxb4 c5 20. Nd3 c4 21. Nc5+
Bxc5 22. dxc5 Rc8 23. Be3 Rd8 24. b4 Nh6 25. Bxh6 gxh6 26. Rae1 a5 27. b5 Rc8
28. c6+ Kb6 29. a4 Kc5 30. Nxh4 Rh5 31. Nf3 d4 32. Nxd4 Kd5 33. Re3 Rxe5 34. Rf3
Rg5 35. Rxf7 Ke4 36. Rd1 Rd8 37. c7 Rc8 38. Nxe6 Re5 39. Rd8 Rxd8 40. cxd8=Q
Rxe6 41. Qd4# 1-0

[Event "AUTO-BEG-571"]
[Site "http://www.queenalice.com/game.php?id=1147978"]
[Date "2013.2.1"]
[Round "1"]
[White "Lill_Canto"]
[Black "Dunsty"]
[Result "0-1"]
[WhiteElo "1306"]
[BlackElo "1133"]

1. Nf3 g6 2. d4 Bh6 3. e4 c6 4. Nc3 b5 5. Bd3 d6 6. O-O e5 7. dxe5 Bf4 8. Bxf4
g5 9. Bxg5 f6 10. Bxf6 Nxf6 11. exf6 Qxf6 12. a4 b4 13. Ne2 d5 14. exd5 cxd5 15.
Bb5+ Bd7 16. Bxd7+ Nxd7 17. Qxd5 Nb6 18. Qh5+ Qf7 19. Qe5+ Qe7 20. Ned4 Rd8 21.
Qxh8+ Kd7 22. Qe5 a5 23. Qd5+ Nxd5 0-1

[Event "AUTO-BEG-571"]
[Site "http://www.queenalice.com/game.php?id=1147979"]
[Date "2013.2.1"]
[Round "1"]
[White "Dunsty"]
[Black "Lill_Canto"]
[Result "1-0"]
[WhiteElo "1169"]
[BlackElo "1306"]

1. d4 d5 2. e3 Nc6 3. Bb5 Nf6 4. a4 e6 5. Qe2 Bd6 6. a5 O-O 7. c4 Bb4+ 8. Bd2
Ne4 9. Bxb4 Nxb4 10. Ra4 Nc6 11. Nc3 Nxc3 12. Qc2 Nxa4 13. b3 a6 14. Bxa4 Nxa5
15. e4 dxe4 16. Qxe4 b6 17. d5 exd5 18. cxd5 b5 19. Nh3 Re8 20. f3 Rxe4+ 21.
fxe4 bxa4 22. bxa4 Qh4+ 23. Ke2 Qxe4+ 24. Kf2 Qxd5 25. Re1 Qh5 26. Re8# 1-0

[Event "AUTO-BEG-571"]
[Site "http://www.queenalice.com/game.php?id=1147992"]
[Date "2013.2.1"]
[Round "1"]
[White "CEMPORCENTOJESUS"]
[Black "Dunsty"]
[Result "1-0"]
[WhiteElo "1474"]
[BlackElo "1138"]

1. e4 d5 2. exd5 Qxd5 3. Nc3 Qe6+ 4. Be2 g6 5. d3 Bh6 6. Bxh6 Nxh6 7. Qd2 g5 8.
Qxg5 Nc6 9. Nb5 Kd7 10. Qf4 Ke8 11. Nxc7+ Kd7 12. Nxe6 Kxe6 13. Qxh6+ f6 14. Qg7
Bd7 15. Bg4+ Kd6 16. Bxd7 Kxd7 17. Qg4+ e6 18. Qg7+ Kd8 19. Qxh8+ 1-0

[Event "AUTO-BEG-571"]
[Site "http://www.queenalice.com/game.php?id=1147993"]
[Date "2013.2.1"]
[Round "1"]
[White "Dunsty"]
[Black "CEMPORCENTOJESUS"]
[Result "0-1"]
[WhiteElo "1145"]
[BlackElo "1471"]

1. d4 d5 2. g3 Nf6 3. h4 h5 4. e3 Nc6 5. Bh3 Bxh3 6. Rxh3 e5 7. dxe5 Nxe5 8. g4
Nfxg4 9. b3 Be7 10. Bb2 Bxh4 11. Nf3 Nxf3+ 12. Qxf3 Bxf2+ 13. Ke2 O-O 14. Rxh5
f6 15. Qxg4 Bxe3 16. Kxe3 Kf7 17. Nd2 Qe7+ 18. Kd3 Rae8 19. Rf1 Qe3# 0-1

[Event "AUTO-BEG-571"]
[Site "http://www.queenalice.com/game.php?id=1148002"]
[Date "2013.2.1"]
[Round "1"]
[White "Dunsty"]
[Black "ACamargo"]
[Result "0-1"]
[WhiteElo "1200"]
[BlackElo "1874"]

1. d4 d5 2. g3 Nc6 3. Bh3 e6 4. Nf3 h6 5. a4 Nf6 6. a5 a6 7. Ra3 Bxa3 8. bxa3
Nxa5 9. Bd2 Nc4 10. Bc3 Ne4 11. Nbd2 Nxc3 12. Qc1 Nxd2 13. Kxd2 Ne4+ 14. Ke1 O-O
15. Nh4 Re8 16. Qb2 b6 17. f3 Nf6 18. e4 dxe4 19. fxe4 Nxe4 20. c3 Qd6 21. Rf1
Nxg3 22. hxg3 Qxg3+ 23. Qf2 Qxc3+ 24. Qd2 Qxh3 25. Rf4 g5 26. Rf3 Qxh4+ 27. Qf2
Qxf2+ 28. Kxf2 f5 29. Rd3 e5 30. Kf3 e4+ 0-1

[Event "AUTO-BEG-571"]
[Site "http://www.queenalice.com/game.php?id=1148003"]
[Date "2013.2.1"]
[Round "1"]
[White "ACamargo"]
[Black "Dunsty"]
[Result "1-0"]
[WhiteElo "1877"]
[BlackElo "1200"]

1. d4 e6 2. c4 b6 3. e4 Bb4+ 4. Bd2 Na6 5. Bxb4 c5 6. dxc5 bxc5 7. Bc3 h5 8.
Bxg7 Rh7 9. Bc3 Bb7 10. Nd2 Nf6 11. Be2 Rc8 12. Bd3 Rh6 13. Ngf3 Rg6 14. O-O Qb6
15. e5 Ng4 16. Bxg6 fxg6 17. Qc2 Kf7 18. Ng5+ Kg7 19. Nde4 d5 20. cxd5 exd5 21.
Nd6 Qxd6 22. exd6+ d4 23. Ba5 Ne5 24. Rae1 Nc6 25. Ne6+ Kf7 26. Bc7 Nxc7 27.
Nxc7 Kf6 28. Re6+ Kf7 29. Qxg6+ 1-0

[Event "AUTO-BEG-572"]
[Site "http://www.queenalice.com/game.php?id=1150685"]
[Date "2013.2.11"]
[Round "1"]
[White "Dunsty"]
[Black "CliffOliveira"]
[Result "0-1"]
[WhiteElo "1133"]
[BlackElo "1722"]

1. d4 Nf6 2. Bg5 Ne4 3. h4 Nxg5 4. hxg5 e5 5. e3 exd4 6. Qxd4 Qxg5 7. Bd3 h6 8.
Nh3 Qxg2 9. Qe4+ Qxe4 10. Bxe4 Bb4+ 11. c3 Ba5 12. Nd2 c6 13. Rg1 d5 14. Bd3
Bxh3 15. Rh1 Bg4 16. c4 O-O 17. f3 Bxf3 18. Kf2 Bxh1 19. cxd5 Bxd5 20. Re1 Bxd2
21. Rh1 Bxh1 0-1

[Event "AUTO-BEG-572"]
[Site "http://www.queenalice.com/game.php?id=1150686"]
[Date "2013.2.11"]
[Round "1"]
[White "CliffOliveira"]
[Black "Dunsty"]
[Result "1-0"]
[WhiteElo "1574"]
[BlackElo "1133"]

1. d4 d6 2. c4 Bf5 3. Nc3 g6 4. e4 Be6 5. d5 Bd7 6. Bd3 Bg7 7. Nge2 e6 8. O-O a5
9. f4 c6 10. Be3 c5 11. f5 Qb6 12. dxe6 fxe6 13. fxe6 Bxe6 14. Nf4 Kf7 15. Nfd5+
1-0

[Event "SÓ OS LOUCOS SABEM VI"]
[Site "http://www.queenalice.com/game.php?id=1172871"]
[Date "2013.4.18"]
[Round "-"]
[White "rogeriooliveira"]
[Black "Dunsty"]
[Result "1-0"]
[WhiteElo "1306"]
[BlackElo "1180"]

1. e4 d5 2. e5 Bf5 3. Bd3 e6 4. Bxf5 exf5 5. Nf3 Bc5 6. d4 Bb6 7. c3 f6 8. exf6
Nxf6 9. O-O O-O 10. Be3 Qd6 11. Na3 c5 12. dxc5 Bxc5 13. Bxc5 Qxc5 14. Re1 Re8
15. Rxe8+ Nxe8 16. Qe1 Nd7 17. Qe2 Rd8 18. Nc2 Nef6 19. Re1 Re8 20. Qd1 Ng4 21.
Rxe8+ Kf7 22. Rd8 Ke7 23. Ra8 Qc7 24. Rxa7 Ndf6 25. Qe1+ Ne4 26. Nb4 Kd6 27. a4
Ngxf2 28. a5 Kc5 29. Na2 d4 30. cxd4+ Kd5 31. Nb4+ Kc4 32. Nc2 1-0

[Event "SÓ OS LOUCOS SABEM XXXXVI"]
[Site "http://www.queenalice.com/game.php?id=1172922"]
[Date "2013.4.18"]
[Round "-"]
[White "rogeriooliveira"]
[Black "Dunsty"]
[Result "1-0"]
[WhiteElo "1281"]
[BlackElo "1205"]

1. e4 d5 2. exd5 Qxd5 3. Nc3 Qe6+ 4. Qe2 g6 5. Nf3 Bh6 6. Qxe6 fxe6 7. Bb5+ c6
8. Be2 b6 9. O-O Ba6 10. Bxa6 Nxa6 11. d3 O-O-O 12. Bxh6 Nxh6 13. Rfe1 Nc7 14.
Re2 Nd5 15. Nxd5 exd5 16. Rae1 Nf5 17. Ne5 Rhf8 18. Nxc6 Rd6 19. Nb4 Nd4 20. Rd2
Rff6 21. c3 Nb5 22. a4 Nc7 23. Rde2 b5 24. a5 Na6 25. Nxa6 Rxa6 26. b4 Rac6 27.
Rxe7 Rc7 28. Rxc7+ Kxc7 29. d4 Kb7 30. Re5 Kc6 31. g3 1-0

[Event "SÓ OS LOUCOS SABEM LI"]
[Site "http://www.queenalice.com/game.php?id=1172935"]
[Date "2013.4.18"]
[Round "-"]
[White "rogeriooliveira"]
[Black "Dunsty"]
[Result "1-0"]
[WhiteElo "1426"]
[BlackElo "1224"]

1. e4 d5 2. e5 Bf5 3. Bd3 e6 4. Bxf5 exf5 5. Nf3 Bc5 6. d4 Bb6 7. c3 f6 8. exf6
Qxf6 9. O-O c5 10. dxc5 Bxc5 11. Be3 Bxe3 12. fxe3 d4 13. exd4 Nd7 14. Nbd2 Qe6
15. Re1 1-0

[Event "SÓ OS LOUCOS SABEM LVIII"]
[Site "http://www.queenalice.com/game.php?id=1172942"]
[Date "2013.4.18"]
[Round "-"]
[White "rogeriooliveira"]
[Black "Dunsty"]
[Result "1-0"]
[WhiteElo "1294"]
[BlackElo "1192"]

1. e4 d5 2. e5 Bf5 3. Bd3 e6 4. Bxf5 exf5 5. Nf3 Bc5 6. d4 Bb6 7. c3 f6 8. O-O
fxe5 9. dxe5 Nh6 10. Bxh6 gxh6 11. Na3 Rg8 12. g3 Rf8 13. Qe2 Ke7 14. Nh4 f4 15.
gxf4 Rxf4 16. Ng2 Re4 17. Qh5 Ke6 18. Qxh6+ Kxe5 19. Qh5+ Kd6 20. Qh6+ Re6 21.
Qf4+ Ke7 22. Rae1 Nc6 23. Qg5+ Kd7 24. Qg7+ Re7 25. Qg4+ Kd6 26. Qg3+ Re5 27.
Qg7 Rxe1 28. Qg3+ Kc5 29. b4+ Nxb4 30. Qe3+ d4 31. Qxd4+ Qxd4 32. cxb4+ Qxb4 33.
Nc2 1-0

[Event "Challenge"]
[Site "http://www.queenalice.com/game.php?id=1175587"]
[Date "2013.4.26"]
[Round "-"]
[White "dejami"]
[Black "Dunsty"]
[Result "1-0"]
[WhiteElo "1587"]
[BlackElo "1206"]

1. e4 d5 2. e5 Bf5 3. Qf3 e6 4. Qb3 Bc5 5. Qxb7 Nd7 6. Qc6 Ne7 7. Qa4 Rb8 8. g4
Bg6 9. d4 Bb4+ 10. c3 c6 11. cxb4 Nb6 12. Qb3 c5 13. bxc5 Nd7 14. Qg3 f6 15. g5
fxe5 16. dxe5 Nxc5 17. Na3 Qc7 18. Bb5+ Kd8 19. Be2 h6 20. Qc3 hxg5 21. Nb5 Qb6
22. Be3 Rc8 23. Nd6 Rc7 24. O-O-O Kd7 25. Nb5 Rb7 26. Bxc5 d4 27. Rxd4+ Nd5 28.
Bxb6 Rxb6 29. Nxa7 Ke7 30. Qc5+ Ke8 31. Qc8+ 1-0

[Event "Challenge"]
[Site "http://www.queenalice.com/game.php?id=1175588"]
[Date "2013.4.26"]
[Round "-"]
[White "Dunsty"]
[Black "dejami"]
[Result "0-1"]
[WhiteElo "1224"]
[BlackElo "1683"]

1. d4 d5 2. Bf4 f6 3. e3 a6 4. g3 g5 5. Bxc7 Qxc7 6. Bd3 Nh6 7. Qf3 Qd6 8. Nc3
Bg4 9. Qg2 e6 10. e4 Qb6 11. Rb1 Qxd4 12. Rd1 Bxd1 13. Kxd1 Ng4 14. Nge2 Qb6 15.
exd5 Bc5 16. dxe6 Nxf2+ 17. Kd2 Nc6 18. a3 Rd8 19. Ke1 Qxb2 20. Kd2 Rxd3+ 0-1